Štúdium vplyvu umiestnenia zapaľovača na výbuchové parametre rozvírených prachov

Gespeichert in:
Bibliographische Detailangaben
1. Verfasser: Vajla, Simon (Verfasst von)
Weitere Verfasser: Kuracina, Richard (Betreuung Doktorarbeit)
Format: Manuskript Buch
Sprache:Slowakisch
Veröffentlicht: 2020
Schlagworte:
Online-Zugang:http://is.stuba.sk/zp/portal_zp.pl?podrobnosti=160315
Tags: Tag hinzufügen
Keine Tags, Fügen Sie das erste Tag hinzu!

MARC

LEADER 00000ntm a22000003a 4500
001 stuzp80086
003 SK-STU
005 20200718211837.7
007 ta
008 150427s2015----xo-----f-mn---000-0-slo-d
040 |a STU  |b slo 
041 0 |a slo 
100 1 |a Vajla, Simon  |u 065000  |4 aut  |U MTF Materiálovotechnologická fakulta  |T MTF Ústav integrovanej bezpečnosti  |X 93983  |U M5000  |Y 85  |7 93983 
242 0 1 |a Study of the influence of the location of the igniter on the explosion parameters of dispersed dusts  |y eng 
245 1 0 |a Štúdium vplyvu umiestnenia zapaľovača na výbuchové parametre rozvírených prachov 
260 |c 2020 
650 4 |a prach  |2 slo 
650 4 |a výbuch prachu  |2 slo 
650 4 |a zapaľovač  |2 slo 
650 4 |a dust explosion  |2 eng 
650 4 |a lighter  |2 eng 
650 4 |a dust  |2 eng 
700 1 |a Kuracina, Richard  |u 065200  |k Z1  |4 ths  |U MTF Ústav integrovanej bezpečnosti  |T MTF Katedra bezpečnostného inžinierstva  |X 38282  |U M5200  |Y 192  |7 A000038282 
856 4 |u http://is.stuba.sk/zp/portal_zp.pl?podrobnosti=160315 
996 |c M* BP-9001  |l MMSKP  |s P  |a 0  |w stuzp80086_0001